Athletes by Picture #2 - Statistics

General Stats
  • This quiz has been taken 1,883 times
    1,826 since last reset
  • The average score is 8 of 16
Answer Stats
Picture Answer % Correct
Lionel Messi
92%
Neymar da Silva Santos Jr.
85%
Kevin Durant
82%
James Harden
81%
Wilt Chamberlain
69%
Eli Manning
62%
Jackie Robinson
57%
Lance Armstrong
49%
Sidney Crosby
46%
Ichiro Suzuki
39%
Jim Brown
36%
Arnold Palmer
33%
Evander Holyfield
30%
Maria Sharapova
28%
Andre Agassi
27%
Lindsey Vonn
26%
No matching quizzes found
Score Distribution
Percent of People with Each Score
Percentile by Number Answered
Your Score History
You have not taken this quiz since the last reset